[Event "Szuperliga - GM Szabo Laszlo"]
[Site "Paks"]
[Date "2024.05.12"]
[Round "9.9"]
[White "Borocz, Istvan"]
[Black "Tancsa, Tamas"]
[Result "0-1"]
[WhiteElo "2324"]
[BlackElo "2176"]
[PlyCount "88"]
[EventDate "2023.10.28"]
[EventType "team-tourn"]
[EventRounds "9"]
[EventCountry "HUN"]
[Source "chess.hu"]
[WhiteTeam "Dunaharaszti MTK"]
[BlackTeam "ASE Paks"]
[WhiteTeamCountry "HUN"]
[BlackTeamCountry "HUN"]

1. e4 e5 2. Nf3 Nc6 3. Bb5 a6 4. Ba4 Nf6 5. O-O Nxe4 6. d4 b5 7. Bb3 d5 8. dxe5
Be6 9. c3 Bc5 10. Qd3 Bb6 11. Be3 Nc5 12. Qe2 Nxb3 13. axb3 d4 14. Nxd4 Bxd4
15. cxd4 Nxd4 16. Bxd4 Qxd4 17. Rxa6 O-O 18. Rxa8 Rxa8 19. Nc3 b4 20. Rd1 Qc5
21. Qe4 Qa5 22. Ne2 Bxb3 23. Rc1 Rd8 24. Nd4 Bd5 25. Qh4 c5 26. Nf5 c4 27. Qg5
g6 28. Nh6+ Kf8 29. e6 Rd6 30. exf7 Qd8 31. Qe5 Bxf7 32. Re1 Qf6 33. Qc5 c3 34.
bxc3 bxc3 35. Ng4 Qd4 36. Qg5 c2 37. Qe7+ Kg7 38. Ne5 Rf6 39. Nf3 Qd1 40. Qe3
Re6 41. Qc3+ Kg8 42. Rf1 Rd6 43. Qb2 Qxf1+ 44. Kxf1 Bc4+ 0-1

[Event "Szuperliga - GM Szabo Laszlo"]
[Site "Paks"]
[Date "2024.05.12"]
[Round "9.10"]
[White "Szegedy, Matyas"]
[Black "Lorand, Norbert"]
[Result "1-0"]
[WhiteElo "2198"]
[BlackElo "2245"]
[PlyCount "73"]
[EventDate "2023.10.28"]
[EventType "team-tourn"]
[EventRounds "9"]
[EventCountry "HUN"]
[Source "chess.hu"]
[WhiteTeam "ASE Paks"]
[BlackTeam "Dunaharaszti MTK"]
[WhiteTeamCountry "HUN"]
[BlackTeamCountry "HUN"]

1. e4 c5 2. Nf3 d6 3. Bb5+ Nd7 4. O-O Ngf6 5. Re1 a6 6. Bf1 e6 7. c3 b6 8. d4
cxd4 9. cxd4 Bb7 10. Nc3 b5 11. a3 Be7 12. g3 Nb6 13. Bg2 O-O 14. Nd2 Rc8 15.
Nf1 Qd7 16. h4 Rfd8 17. d5 e5 18. Bg5 Nc4 19. Qe2 h6 20. Bxf6 Bxf6 21. Rec1 g6
22. Nd1 h5 23. Kh2 Rc5 24. b4 Rc7 25. Bh3 Qe7 26. Nde3 Nb6 27. Nd2 Bc8 28. Bg2
Rdd7 29. Rc6 Rxc6 30. dxc6 Ra7 31. Nd5 Nxd5 32. exd5 Qc7 33. Rc1 Bd8 34. Qe3 f5
35. Nf3 e4 36. Ng5 Qb6 37. c7 1-0

[Event "Szuperliga - GM Szabo Laszlo"]
[Site "Nagykanizsa"]
[Date "2024.05.12"]
[Round "9.1"]
[White "Horvath, Jozsef"]
[Black "Eljanov, Pavel"]
[Result "1/2-1/2"]
[WhiteElo "2410"]
[BlackElo "2676"]
[PlyCount "110"]
[EventDate "2023.10.28"]
[EventType "team-tourn"]
[EventRounds "9"]
[EventCountry "HUN"]
[Source "chess.hu"]
[WhiteTeam "Kekesi SE"]
[BlackTeam "Tuxera ANSK"]
[WhiteTeamCountry "HUN"]
[BlackTeamCountry "HUN"]

1. d4 Nf6 2. c4 e6 3. Nf3 d5 4. Nc3 Nbd7 5. e3 a6 6. b3 b6 7. Bb2 Bb7 8. Bd3
Bd6 9. O-O O-O 10. Rc1 Qe7 11. Qe2 Ne4 12. Rc2 f5 13. Na4 c5 14. cxd5 exd5 15.
Ne5 Bxe5 16. dxe5 Ng5 17. f4 Ne6 18. g4 g6 19. Qg2 fxg4 20. Nc3 b5 21. Nxd5
Bxd5 22. Qxd5 Rad8 23. Be2 Nb6 24. Qe4 Nd5 25. Bxg4 Ng7 26. Bf3 Nf5 27. Re2 Kg7
28. a3 c4 29. bxc4 bxc4 30. e6+ Kh6 31. Qe5 c3 32. Bc1 Nf6 33. Kh1 Rd3 34. Rg1
Rc8 35. a4 c2 36. Ree1 Rc5 37. Qb8 Nh4 38. f5 Nxf3 39. Qf4+ Kg7 40. Qxf3 Rd1
41. e4 Qb7 42. fxg6 Rxe1 43. Rxe1 hxg6 44. Qe3 Rh5 45. Qc3 Qb6 46. e7 Qe6 47.
Ba3 Kh7 48. Qxc2 Ng4 49. Re2 Qf6 50. Kg1 Rg5 51. h4 Ne3+ 52. hxg5 Qf1+ 53. Kh2
Qf4+ 54. Kg1 Qf1+ 55. Kh2 Qf4+ 1/2-1/2

[Event "Szuperliga - GM Szabo Laszlo"]
[Site "Nagykanizsa"]
[Date "2024.05.12"]
[Round "9.2"]
[White "Volokitin, Andrei"]
[Black "Haring, Filip"]
[Result "1-0"]
[WhiteElo "2667"]
[BlackElo "2484"]
[PlyCount "127"]
[EventDate "2023.10.28"]
[EventType "team-tourn"]
[EventRounds "9"]
[EventCountry "HUN"]
[Source "chess.hu"]
[WhiteTeam "Tuxera ANSK"]
[BlackTeam "Kekesi SE"]
[WhiteTeamCountry "HUN"]
[BlackTeamCountry "HUN"]

1. e4 c6 2. d4 d5 3. e5 Bf5 4. Nf3 e6 5. Be2 Nd7 6. O-O a5 7. a4 f6 8. Bf4 Ne7
9. exf6 Nxf6 10. Bd3 Ng6 11. Bxf5 exf5 12. Bg5 Qd7 13. Bxf6 gxf6 14. c3 Bd6 15.
Nbd2 O-O 16. Qc2 Kh8 17. Kh1 Rg8 18. Rae1 Rg7 19. Rg1 Rag8 20. Nf1 f4 21. N1d2
Qg4 22. Qd3 Ne7 23. Nb3 Ra8 24. h3 Qd7 25. Qe2 Nf5 26. Qe6 Rf7 27. Nc5 Qxe6 28.
Rxe6 b6 29. Nd3 Rd8 30. Rge1 Kg7 31. Re8 Rfd7 32. Rxd8 Rxd8 33. Kg1 Kf7 34. Kf1
Rb8 35. b4 Ra8 36. Ra1 Ke6 37. Ke2 Rg8 38. Kf1 Ra8 39. Ke2 Rg8 40. bxa5 bxa5
41. Kf1 Rb8 42. Nd2 Ne7 43. Ke2 Kf5 44. Ra2 Rg8 45. Nb3 Bc7 46. Kf1 Rb8 47.
Ndc5 Ng6 48. Re2 Bd6 49. Nxa5 Bxc5 50. dxc5 Ne5 51. Ra2 Nd3 52. Ra1 Ne5 53. Ra2
Nd3 54. Ra3 Rb2 55. Nxc6 Ke4 56. f3+ Ke3 57. Ra1 Nxc5 58. a5 Kd3 59. Nb4+ Kc4
60. a6 Nxa6 61. Rxa6 Rb1+ 62. Kf2 d4 63. Rc6+ Kb5 64. c4+ 1-0

[Event "Szuperliga - GM Szabo Laszlo"]
[Site "Nagykanizsa"]
[Date "2024.05.12"]
[Round "9.3"]
[White "Turcan, Richard"]
[Black "Gledura, Benjamin"]
[Result "0-1"]
[WhiteElo "2378"]
[BlackElo "2619"]
[PlyCount "72"]
[EventDate "2023.10.28"]
[EventType "team-tourn"]
[EventRounds "9"]
[EventCountry "HUN"]
[Source "chess.hu"]
[WhiteTeam "Kekesi SE"]
[BlackTeam "Tuxera ANSK"]
[WhiteTeamCountry "HUN"]
[BlackTeamCountry "HUN"]

1. e4 c5 2. Nf3 e6 3. d4 cxd4 4. Nxd4 Nc6 5. Nc3 Qc7 6. Qd3 Nf6 7. Ndb5 Qb8 8.
Qg3 d6 9. Be3 a6 10. Nd4 h5 11. f3 Ne5 12. O-O-O b5 13. a3 Bd7 14. f4 Nc6 15.
Be2 b4 16. axb4 Qxb4 17. e5 Ng4 18. Bxg4 hxg4 19. Nxc6 Bxc6 20. f5 Rh5 21. fxe6
dxe5 22. Rd4 exd4 23. Qc7 fxe6 24. Qxc6+ Kf7 25. Rf1+ Rf5 26. Rxf5+ exf5 27.
Qd5+ Kg6 28. Qxa8 dxc3 29. Qxa6+ Kh5 30. bxc3 Qxc3 31. Qe6 Qa1+ 32. Kd2 Bb4+
33. Kd3 Qc3+ 34. Ke2 Qxc2+ 35. Kf1 Qd1+ 36. Kf2 Qe1# 0-1

[Event "Szuperliga - GM Szabo Laszlo"]
[Site "Nagykanizsa"]
[Date "2024.05.12"]
[Round "9.4"]
[White "Kantor, Gergely"]
[Black "To, Nhat Minh"]
[Result "1-0"]
[WhiteElo "2527"]
[BlackElo "2308"]
[PlyCount "51"]
[EventDate "2023.10.28"]
[EventType "team-tourn"]
[EventRounds "9"]
[EventCountry "HUN"]
[Source "chess.hu"]
[WhiteTeam "Tuxera ANSK"]
[BlackTeam "Kekesi SE"]
[WhiteTeamCountry "HUN"]
[BlackTeamCountry "HUN"]

1. e4 c6 2. d4 d5 3. e5 Bf5 4. h4 h5 5. Bd3 Bxd3 6. Qxd3 e6 7. Nf3 Qa5+ 8. Nbd2
Qa6 9. c4 Nh6 10. O-O Nd7 11. b3 Nf5 12. a4 Be7 13. Ba3 Bxa3 14. Rxa3 c5 15.
dxc5 Nxc5 16. Qc2 Qc6 17. cxd5 Qxd5 18. b4 Na6 19. b5 Nc5 20. Nc4 Rc8 21. b6 a6
22. Rc3 O-O 23. Ne3 Nxe3 24. fxe3 Rc6 25. Ng5 g6 26. Rxf7 1-0

[Event "Szuperliga - GM Szabo Laszlo"]
[Site "Nagykanizsa"]
[Date "2024.05.12"]
[Round "9.5"]
[White "Bakos, Balazs"]
[Black "Antal, Gergely"]
[Result "1/2-1/2"]
[WhiteElo "2367"]
[BlackElo "2586"]
[PlyCount "100"]
[EventDate "2023.10.28"]
[EventType "team-tourn"]
[EventRounds "9"]
[EventCountry "HUN"]
[Source "chess.hu"]
[WhiteTeam "Kekesi SE"]
[BlackTeam "Tuxera ANSK"]
[WhiteTeamCountry "HUN"]
[BlackTeamCountry "HUN"]

1. d4 Nf6 2. c4 e6 3. Nf3 d5 4. Nc3 dxc4 5. e4 b5 6. e5 Nd5 7. Nxb5 Nb6 8. Be2
Nc6 9. O-O Be7 10. b3 cxb3 11. axb3 Bb7 12. Ba3 O-O 13. Qd2 a6 14. Nc3 Nb4 15.
Na2 N4d5 16. Bxe7 Nxe7 17. Rfc1 Nf5 18. Nb4 Bxf3 19. Bxf3 Nxd4 20. Qe3 Nxf3+
21. Qxf3 a5 22. Nc6 Qg5 23. Qg3 Qxg3 24. Ne7+ Kh8 25. hxg3 Ra7 26. Nc6 Ra6 27.
Ne7 Ra7 28. Nc6 Rb7 29. Nxa5 Ra7 30. Nc6 Rxa1 31. Rxa1 Nd5 32. Ra4 g5 33. g4
Kg7 34. f3 Rh8 35. Rc4 Nb6 36. Rc5 Nd5 37. Rc4 Kg6 38. Nb4 Nxb4 39. Rxb4 Rd8
40. Rc4 Rb8 41. Rxc7 Rxb3 42. Rc5 Rb2 43. Kh2 Rd2 44. Kg3 Re2 45. Rb5 h5 46.
gxh5+ Kxh5 47. Kh3 g4+ 48. Kg3 gxf3 49. gxf3 Kg5 50. Rb7 Kg6 1/2-1/2

[Event "Szuperliga - GM Szabo Laszlo"]
[Site "Nagykanizsa"]
[Date "2024.05.12"]
[Round "9.6"]
[White "Markus, Robert"]
[Black "Istvanovszki, Martin"]
[Result "1-0"]
[WhiteElo "2588"]
[BlackElo "2311"]
[PlyCount "99"]
[EventDate "2023.10.28"]
[EventType "team-tourn"]
[EventRounds "9"]
[EventCountry "HUN"]
[Source "chess.hu"]
[WhiteTeam "Tuxera ANSK"]
[BlackTeam "Kekesi SE"]
[WhiteTeamCountry "HUN"]
[BlackTeamCountry "HUN"]

1. c4 g6 2. g3 Bg7 3. Bg2 c5 4. Nc3 Nc6 5. b3 d6 6. Bb2 h5 7. Nf3 Nh6 8. e3 Nf5
9. h3 Rb8 10. Qb1 a6 11. Nd5 e5 12. d3 b5 13. Nd2 Nce7 14. Qc2 Nxd5 15. cxd5
Qb6 16. O-O Bb7 17. Kh2 h4 18. g4 Ne7 19. e4 g5 20. f4 gxf4 21. Rxf4 Ng6 22.
Rf5 Bc8 23. Raf1 Rb7 24. Rh5 Qd8 25. Rxh8+ Bxh8 26. Nf3 Nf4 27. Bc1 Rc7 28. Be3
Bf6 29. Qd2 Bg5 30. Nxg5 Qxg5 31. Rc1 f5 32. exf5 Bxf5 33. Bxf4 exf4 34. gxf5
Qg3+ 35. Kh1 Re7 36. Rf1 Re3 37. Qf2 Rxd3 38. Qxf4 Qxf4 39. Rxf4 Rd1+ 40. Bf1
Rxd5 41. Kg2 Kf7 42. a4 Kf6 43. axb5 axb5 44. Bxb5 Rxf5 45. Rxh4 d5 46. Rg4 Ke5
47. Be2 Rf4 48. Rxf4 Kxf4 49. Kf2 c4 50. Bxc4 1-0

[Event "Szuperliga - GM Szabo Laszlo"]
[Site "Nagykanizsa"]
[Date "2024.05.12"]
[Round "9.7"]
[White "Mede, Istvan"]
[Black "Medvegy, Zoltan"]
[Result "0-1"]
[WhiteElo "2141"]
[BlackElo "2508"]
[PlyCount "108"]
[EventDate "2023.10.28"]
[EventType "team-tourn"]
[EventRounds "9"]
[EventCountry "HUN"]
[Source "chess.hu"]
[WhiteTeam "Kekesi SE"]
[BlackTeam "Tuxera ANSK"]
[WhiteTeamCountry "HUN"]
[BlackTeamCountry "HUN"]

1. e4 c6 2. d4 d5 3. exd5 cxd5 4. Bd3 Nc6 5. c3 e6 6. Bf4 Bd6 7. Bxd6 Qxd6 8.
Nf3 Nge7 9. O-O O-O 10. Re1 f6 11. Nbd2 Bd7 12. c4 Nb4 13. Bf1 a5 14. a3 Nbc6
15. Nb3 dxc4 16. Bxc4 b6 17. Nbd2 Nxd4 18. Nxd4 Qxd4 19. Bxe6+ Bxe6 20. Rxe6
Nf5 21. Nf3 Qxb2 22. Rb1 Qxa3 23. Qd5 Qc5 24. Qa2 Kh8 25. Rexb6 Nd6 26. Qe6
Rfd8 27. h4 a4 28. h5 h6 29. Nh4 Qxh5 30. Rxd6 Qxh4 31. Qd5 Rxd6 32. Qxa8+ Kh7
33. g3 Qd4 34. Rb8 Qd1+ 35. Kh2 Qh5+ 36. Kg2 Qd5+ 37. Qxd5 Rxd5 38. Ra8 Rd4 39.
Kf3 h5 40. Ra5 Kh6 41. Kg2 g5 42. Ra6 Kg6 43. Ra5 h4 44. gxh4 Rxh4 45. Kg3 Rf4
46. Ra8 Kf5 47. Ra5+ Ke6 48. Ra6+ Kd5 49. Ra5+ Kc6 50. Ra8 Kb5 51. Rb8+ Kc4 52.
Ra8 Kb3 53. Ra6 a3 54. Rb6+ Rb4 0-1

[Event "Szuperliga - GM Szabo Laszlo"]
[Site "Nagykanizsa"]
[Date "2024.05.12"]
[Round "9.8"]
[White "Aczel, Gergely"]
[Black "Onodi, Miklos"]
[Result "1-0"]
[WhiteElo "2493"]
[BlackElo "2063"]
[PlyCount "113"]
[EventDate "2023.10.28"]
[EventType "team-tourn"]
[EventRounds "9"]
[EventCountry "HUN"]
[Source "chess.hu"]
[WhiteTeam "Tuxera ANSK"]
[BlackTeam "Kekesi SE"]
[WhiteTeamCountry "HUN"]
[BlackTeamCountry "HUN"]

1. d4 d5 2. c4 c6 3. Nf3 Nf6 4. e3 Bf5 5. Nc3 e6 6. Nh4 Bg6 7. Be2 Nbd7 8. O-O
Bd6 9. g3 O-O 10. Nxg6 hxg6 11. Qc2 Re8 12. Rd1 Qe7 13. Bd2 dxc4 14. Bxc4 e5
15. Qxg6 e4 16. Qf5 Nb6 17. Bb3 Rad8 18. Rac1 Bb8 19. a3 Nfd5 20. Na2 g6 21.
Qg4 Kg7 22. Bb4 Bd6 23. Bxd6 Rxd6 24. Nc3 f5 25. Nxd5 Nxd5 26. Qe2 Kf6 27. h4
Rh8 28. Kg2 g5 29. hxg5+ Kxg5 30. Rh1 Rdh6 31. Rxh6 Rxh6 32. Rh1 Rxh1 33. Kxh1
Nf6 34. Kg2 Qh7 35. Qc4 Qh5 36. Qf7 Qxf7 37. Bxf7 Kg4 38. Be6 b5 39. Bc8 Nd5
40. Bd7 Ne7 41. b4 Kh5 42. Kh3 Kg5 43. Be8 a6 44. Bd7 Kh5 45. g4+ fxg4+ 46.
Bxg4+ Kg5 47. Bd7 Kh5 48. Kh2 Kg6 49. Kg2 Kh6 50. Be8 Kg5 51. Kh3 Kf6 52. Bd7
Kg5 53. Kg3 Nd5 54. Bxc6 Nc3 55. Bb7 Nb1 56. Bxe4 Nxa3 57. Bd3 1-0

[Event "Szuperliga - GM Szabo Laszlo"]
[Site "Nagykanizsa"]
[Date "2024.05.12"]
[Round "9.9"]
[White "Kovacs, Veronika"]
[Black "Palczert, Matyas"]
[Result "0-1"]
[WhiteElo "1751"]
[BlackElo "2333"]
[PlyCount "66"]
[EventDate "2023.10.28"]
[EventType "team-tourn"]
[EventRounds "9"]
[EventCountry "HUN"]
[Source "chess.hu"]
[WhiteTeam "Kekesi SE"]
[BlackTeam "Tuxera ANSK"]
[WhiteTeamCountry "HUN"]
[BlackTeamCountry "HUN"]

1. d4 d5 2. c4 e6 3. cxd5 exd5 4. Nc3 h6 5. Qc2 c6 6. h3 Bd6 7. Nf3 Nf6 8. e3
O-O 9. Bd3 Re8 10. O-O Qe7 11. Bd2 Ne4 12. a3 Nd7 13. b4 a6 14. Na4 Bc7 15. Nc5
Ndf6 16. Rfc1 Nxd2 17. Nxd2 b6 18. Ncb3 Bb7 19. Nf3 Ne4 20. Rcb1 Bd6 21. Be2
Rac8 22. Qb2 Rc7 23. Rc1 Nxf2 24. Qd2 Ne4 25. Qd3 Qe6 26. Bf1 Qg6 27. Re1 Bc8
28. g4 h5 29. g5 Bf5 30. Qe2 Nxg5 31. Nxg5 Qxg5+ 32. Qg2 Bg3 33. Re2 Be4 0-1

[Event "Szuperliga - GM Szabo Laszlo"]
[Site "Nagykanizsa"]
[Date "2024.05.12"]
[Round "9.10"]
[White "Gara, Anita"]
[Black "Molnar, Lidia Emilia"]
[Result "1-0"]
[WhiteElo "2340"]
[BlackElo "1770"]
[PlyCount "129"]
[EventDate "2023.10.28"]
[EventType "team-tourn"]
[EventRounds "9"]
[EventCountry "HUN"]
[Source "chess.hu"]
[WhiteTeam "Tuxera ANSK"]
[BlackTeam "Kekesi SE"]
[WhiteTeamCountry "HUN"]
[BlackTeamCountry "HUN"]

1. e4 c5 2. Nf3 Nc6 3. Bb5 Qc7 4. O-O a6 5. Bxc6 dxc6 6. h3 e5 7. d3 Ne7 8. Be3
Ng6 9. Nbd2 Be7 10. a4 a5 11. Nc4 f6 12. Qe1 O-O 13. Bd2 b6 14. Ra3 Be6 15. Qe2
Bd8 16. Rb1 Qe7 17. Qe1 Bc7 18. Ne3 Nf4 19. Nf5 Qd7 20. Ng3 g5 21. Nh2 g4 22.
hxg4 Bxg4 23. Nxg4 Qxg4 24. Qd1 Qxd1+ 25. Rxd1 Ne6 26. Be3 Nd4 27. Bxd4 cxd4
28. Nf5 Kf7 29. g3 b5 30. b3 Ke6 31. Kg2 h5 32. Rh1 Bd6 33. Raa1 bxa4 34. Rxa4
Ra7 35. Rxh5 Bb4 36. Kf3 Rff7 37. Rh8 Rh7 38. Rxh7 Rxh7 39. Ra1 Bc3 40. Rg1 Rh2
41. Nh4 Bd2 42. Ke2 Bg5 43. Nf3 Rh7 44. Ra1 Ra7 45. Ne1 Bh6 46. Ng2 Bf8 47. f4
Bb4 48. f5+ Kd6 49. Nh4 Bc3 50. Ra4 Bb4 51. Nf3 Rh7 52. Ra1 Bc3 53. Rg1 a4 54.
bxa4 Ra7 55. g4 Rxa4 56. g5 fxg5 57. Rxg5 Ra2 58. Rg6+ Kc7 59. Nxe5 Rxc2+ 60.
Kf3 Be1 61. f6 Rf2+ 62. Kg4 Kd6 63. Nf3 Rg2+ 64. Kf5 Rf2 65. e5+ 1-0

[Event "Szuperliga - GM Szabo Laszlo"]
[Site "Tapolca"]
[Date "2024.05.12"]
[Round "9.1"]
[White "Samunenkov, Ihor"]
[Black "Ostovic, Matija"]
[Result "1-0"]
[WhiteElo "2547"]
[BlackElo "2384"]
[PlyCount "67"]
[EventDate "2023.10.28"]
[EventType "team-tourn"]
[EventRounds "9"]
[EventCountry "HUN"]
[Source "chess.hu"]
[WhiteTeam "Aquarena Kobanya SC"]
[BlackTeam "Tapolca Varosi VSE"]
[WhiteTeamCountry "HUN"]
[BlackTeamCountry "HUN"]

1. e4 e5 2. Nf3 d6 3. d4 Nf6 4. dxe5 Nxe4 5. Qd5 Nc5 6. Bg5 Qd7 7. Nc3 c6 8.
Qc4 d5 9. Qe2 Be7 10. h4 b5 11. a3 Ne6 12. Bxe7 Qxe7 13. Qe3 b4 14. Ne2 O-O 15.
Ng3 f5 16. exf6 Qxf6 17. Bd3 Qxb2 18. O-O bxa3 19. Ng5 Nxg5 20. hxg5 Qb6 21.
Qe5 Bg4 22. Bf5 Bxf5 23. Nxf5 Qb2 24. c3 Qb7 25. Ne7+ Kh8 26. Rfb1 Qd7 27. Re1
Na6 28. Rxa3 Nc5 29. c4 Ne4 30. Rxe4 dxe4 31. Rh3 Qxh3 32. gxh3 Rfe8 33. h4 a5
34. h5 1-0

[Event "Szuperliga - GM Szabo Laszlo"]
[Site "Tapolca"]
[Date "2024.05.12"]
[Round "9.2"]
[White "Cop, Tomislav"]
[Black "Nagy, Gabor"]
[Result "0-1"]
[WhiteElo "2308"]
[BlackElo "2433"]
[PlyCount "74"]
[EventDate "2023.10.28"]
[EventType "team-tourn"]
[EventRounds "9"]
[EventCountry "HUN"]
[Source "chess.hu"]
[WhiteTeam "Tapolca Varosi VSE"]
[BlackTeam "Aquarena Kobanya SC"]
[WhiteTeamCountry "HUN"]
[BlackTeamCountry "HUN"]

1. e4 e5 2. Nf3 Nc6 3. Bc4 Nf6 4. d3 h6 5. O-O d6 6. c3 g5 7. Be3 Bg7 8. Nbd2
O-O 9. a4 d5 10. exd5 Nxd5 11. Bc5 Re8 12. Ne4 Be6 13. a5 Rb8 14. Qa4 g4 15.
Nfd2 Nf4 16. a6 b6 17. Be3 Bd7 18. Bb5 Re6 19. Ng3 Nd5 20. Qxg4 Rg6 21. Qa4 Kh8
22. Rae1 Rg4 23. Nde4 Rg6 24. f4 Nxe3 25. Rxe3 exf4 26. Rxf4 Be8 27. Nf5 Bf8
28. Rh3 Ne5 29. Bxe8 Qxe8 30. Qc2 c5 31. Rfh4 Qe6 32. Qf2 Rd8 33. Qf4 Rxd3 34.
Rxd3 Nxd3 35. Qf3 Ne1 36. Qh5 Nxg2 37. Qf3 Nxh4+ 0-1

[Event "Szuperliga - GM Szabo Laszlo"]
[Site "Tapolca"]
[Date "2024.05.12"]
[Round "9.3"]
[White "Pap, Gyula"]
[Black "Buzas, Bertalan"]
[Result "1-0"]
[WhiteElo "2475"]
[BlackElo "2277"]
[PlyCount "75"]
[EventDate "2023.10.28"]
[EventType "team-tourn"]
[EventRounds "9"]
[EventCountry "HUN"]
[Source "chess.hu"]
[WhiteTeam "Aquarena Kobanya SC"]
[BlackTeam "Tapolca Varosi VSE"]
[WhiteTeamCountry "HUN"]
[BlackTeamCountry "HUN"]

1. e4 c6 2. d4 d5 3. Nd2 dxe4 4. Nxe4 Nf6 5. Nxf6+ exf6 6. c3 Bd6 7. Bd3 O-O 8.
Qc2 Re8+ 9. Be3 h5 10. Nf3 Bf4 11. O-O Qc7 12. Rae1 Be6 13. d5 Bd7 14. Bxf4
Qxf4 15. Qb3 Na6 16. Qxb7 Nc5 17. Rxe8+ Rxe8 18. Qxa7 Qd6 19. Bc2 cxd5 20. Re1
Rxe1+ 21. Nxe1 g6 22. Nd3 Ne6 23. Ba4 Bxa4 24. Qxa4 d4 25. cxd4 Nxd4 26. Qc4 g5
27. h3 f5 28. Kh1 Ne6 29. a4 f4 30. a5 g4 31. a6 gxh3 32. a7 hxg2+ 33. Kg1 Qd8
34. Qc6 Nc7 35. Qxc7 Qxc7 36. a8=Q+ Kg7 37. Qxg2+ Kf6 38. Qe4 1-0

[Event "Szuperliga - GM Szabo Laszlo"]
[Site "Tapolca"]
[Date "2024.05.12"]
[Round "9.4"]
[White "Istvandi, Lajos"]
[Black "Berczes, David"]
[Result "0-1"]
[WhiteElo "2229"]
[BlackElo "2425"]
[PlyCount "80"]
[EventDate "2023.10.28"]
[EventType "team-tourn"]
[EventRounds "9"]
[EventCountry "HUN"]
[Source "chess.hu"]
[WhiteTeam "Tapolca Varosi VSE"]
[BlackTeam "Aquarena Kobanya SC"]
[WhiteTeamCountry "HUN"]
[BlackTeamCountry "HUN"]

1. e4 e5 2. Nf3 Nc6 3. Bb5 g6 4. d4 exd4 5. O-O Bg7 6. Bg5 Nge7 7. e5 a6 8. Ba4
O-O 9. Re1 h6 10. Bh4 g5 11. Bg3 d6 12. exd6 cxd6 13. c3 Bg4 14. cxd4 Nxd4 15.
Re4 Bxf3 16. gxf3 Nef5 17. Nc3 h5 18. h3 d5 19. Re1 Nxg3 20. fxg3 Qd6 21. f4 h4
22. Qh5 b5 23. Bb3 Nxb3 24. axb3 b4 25. Ne2 d4 26. fxg5 d3 27. Nf4 Qc5+ 28. Kh1
Qc6+ 29. Kh2 Qc2+ 30. Ng2 hxg3+ 31. Kxg3 d2 32. Rf1 Qxb3+ 33. Kh2 Rad8 34. Nf4
Qxb2 35. Rad1 Qe5 36. Kh1 Qe4+ 37. Ng2 b3 38. Rf4 Qg6 39. Qf3 b2 40. Nh4 b1=Q
0-1

[Event "Szuperliga - GM Szabo Laszlo"]
[Site "Tapolca"]
[Date "2024.05.12"]
[Round "9.5"]
[White "Karacsonyi, Gellert"]
[Black "Kassay, Krisztian"]
[Result "1-0"]
[WhiteElo "2389"]
[BlackElo "2096"]
[PlyCount "59"]
[EventDate "2023.10.28"]
[EventType "team-tourn"]
[EventRounds "9"]
[EventCountry "HUN"]
[Source "chess.hu"]
[WhiteTeam "Aquarena Kobanya SC"]
[BlackTeam "Tapolca Varosi VSE"]
[WhiteTeamCountry "HUN"]
[BlackTeamCountry "HUN"]

1. e4 d6 2. d4 Nf6 3. Nc3 e5 4. Nf3 Nbd7 5. Bc4 Be7 6. a4 O-O 7. O-O a5 8. Re1
c6 9. h3 Qc7 10. Be3 exd4 11. Nxd4 Nc5 12. Qf3 Re8 13. Ba2 Bf8 14. Bg5 Qe7 15.
Rad1 Bd7 16. Qg3 Kh8 17. f4 h6 18. Qh4 Kg8 19. Nf5 Bxf5 20. exf5 hxg5 21. fxg5
Qd7 22. gxf6 d5 23. fxg7 Bxg7 24. f6 Bh8 25. Qg5+ Kf8 26. Qh6+ Kg8 27. Rf1 Ne6
28. Rf3 Nf8 29. Nxd5 cxd5 30. Rxd5 1-0

[Event "Szuperliga - GM Szabo Laszlo"]
[Site "Tapolca"]
[Date "2024.05.12"]
[Round "9.6"]
[White "Nagy, Zoltan"]
[Black "Szabo, Bence"]
[Result "0-1"]
[WhiteElo "2109"]
[BlackElo "2337"]
[PlyCount "84"]
[EventDate "2023.10.28"]
[EventType "team-tourn"]
[EventRounds "9"]
[EventCountry "HUN"]
[Source "chess.hu"]
[WhiteTeam "Tapolca Varosi VSE"]
[BlackTeam "Aquarena Kobanya SC"]
[WhiteTeamCountry "HUN"]
[BlackTeamCountry "HUN"]

1. e4 c5 2. Nf3 d6 3. d4 cxd4 4. Nxd4 Nf6 5. Nc3 Nc6 6. f3 e5 7. Nb3 Be7 8. Be3
Be6 9. Qd2 O-O 10. O-O-O a5 11. Bb5 Nb4 12. a3 Qc7 13. Kb1 d5 14. axb4 d4 15.
bxa5 Bxb3 16. cxb3 dxe3 17. Qxe3 Bc5 18. Qe2 Qxa5 19. Ba4 Bd4 20. Nb5 Bc5 21.
Rd3 b6 22. Rhd1 Rac8 23. g4 Ne8 24. Rd5 Nc7 25. Nxc7 Rxc7 26. Rxe5 Qa8 27. Red5
Qb8 28. e5 Re7 29. f4 Qc8 30. f5 Rc7 31. Qd3 Be7 32. Bb5 Bg5 33. Bc4 Qa8 34.
Qd4 Ra7 35. Kc2 Ra1 36. Rxa1 Qxa1 37. Qd1 Qa8 38. Kb1 Qb8 39. Qd4 Kh8 40. Rb5
Rd8 41. Qxb6 Qa8 42. b4 Qe4+ 0-1

[Event "Szuperliga - GM Szabo Laszlo"]
[Site "Tapolca"]
[Date "2024.05.12"]
[Round "9.7"]
[White "Polyik, Peter"]
[Black "Juhasz, Judit"]
[Result "1-0"]
[WhiteElo "2299"]
[BlackElo "2015"]
[PlyCount "103"]
[EventDate "2023.10.28"]
[EventType "team-tourn"]
[EventRounds "9"]
[EventCountry "HUN"]
[Source "chess.hu"]
[WhiteTeam "Aquarena Kobanya SC"]
[BlackTeam "Tapolca Varosi VSE"]
[WhiteTeamCountry "HUN"]
[BlackTeamCountry "HUN"]

1. e4 c5 2. Nf3 Nc6 3. d4 cxd4 4. Nxd4 Qb6 5. Nb3 Nf6 6. Nc3 e6 7. Qe2 Bb4 8.
Bd2 O-O 9. a3 Be7 10. O-O-O d5 11. e5 Nd7 12. f4 a6 13. Kb1 Qc7 14. Qh5 b5 15.
Bd3 g6 16. Qh6 Rd8 17. Na2 a5 18. h4 b4 19. h5 Nf8 20. hxg6 fxg6 21. a4 Ba6 22.
g4 Bxd3 23. cxd3 Rdc8 24. Rdf1 Nd8 25. Nd4 Bc5 26. Nb5 Qd7 27. f5 Nf7 28. Qh2
d4 29. Rf3 Qd5 30. Rh3 exf5 31. gxf5 Qxe5 32. fxg6 hxg6 33. Bf4 Qf6 34. Qg3 Ra6
35. Nc7 Rc6 36. Nd5 Qe6 37. Nc7 Qd7 38. Be5 R8xc7 39. Qf4 Qf5 40. Bxc7 Qxf4 41.
Bxf4 Bd6 42. Bxd6 Rxd6 43. Nc1 Rd5 44. Nb3 Nd7 45. Rh4 Nb6 46. Rxd4 Rf5 47. Kc2
Nxa4 48. Ra1 Rf2+ 49. Nd2 Nc5 50. Rf1 Rg2 51. Rd5 Nb7 52. Rxf7 1-0

[Event "Szuperliga - GM Szabo Laszlo"]
[Site "Tapolca"]
[Date "2024.05.12"]
[Round "9.8"]
[White "Marton, Jozsef"]
[Black "Havanecz, Bianka"]
[Result "1/2-1/2"]
[WhiteElo "2014"]
[BlackElo "2207"]
[PlyCount "63"]
[EventDate "2023.10.28"]
[EventType "team-tourn"]
[EventRounds "9"]
[EventCountry "HUN"]
[Source "chess.hu"]
[WhiteTeam "Tapolca Varosi VSE"]
[BlackTeam "Aquarena Kobanya SC"]
[WhiteTeamCountry "HUN"]
[BlackTeamCountry "HUN"]

1. d4 d5 2. Bf4 c5 3. e3 Nc6 4. c3 Nf6 5. Nd2 Bf5 6. Ngf3 e6 7. Bb5 a6 8. Bxc6+
bxc6 9. Qa4 Qb6 10. dxc5 Bxc5 11. b4 Be7 12. Nd4 Rc8 13. Nxf5 exf5 14. O-O O-O
15. Bg5 h6 16. Bxf6 Bxf6 17. Rac1 c5 18. a3 cxb4 19. cxb4 d4 20. exd4 Rxc1 21.
Rxc1 Bxd4 22. Rf1 Rc8 23. Nb3 Bb2 24. Nc5 Rc6 25. Rd1 g6 26. Qb3 Rxc5 27. Qxb2
Rc4 28. h3 Qc7 29. Qd2 Rc3 30. a4 Qc4 31. Qd8+ Kg7 32. Qd4+ 1/2-1/2

[Event "Szuperliga - GM Szabo Laszlo"]
[Site "Tapolca"]
[Date "2024.05.12"]
[Round "9.9"]
[White "Foldes, Marton Gabor"]
[Black "Alexandrova, Angelina"]
[Result "1-0"]
[WhiteElo "2102"]
[BlackElo "1832"]
[PlyCount "29"]
[EventDate "2023.10.28"]
[EventType "team-tourn"]
[EventRounds "9"]
[EventCountry "HUN"]
[Source "chess.hu"]
[WhiteTeam "Aquarena Kobanya SC"]
[BlackTeam "Tapolca Varosi VSE"]
[WhiteTeamCountry "HUN"]
[BlackTeamCountry "HUN"]

1. e4 e6 2. d4 d5 3. Nc3 Bb4 4. Qd3 Bxc3+ 5. bxc3 dxe4 6. Qxe4 Nf6 7. Qh4 Bd7
8. Nf3 Ba4 9. Bd3 Nd5 10. Qg3 g6 11. Bd2 Qd6 12. Rb1 Bc6 13. c4 Nf6 14. Bf4 Nh5
15. Bxd6 1-0